000
00262nam a22001097a 4500
082
_a
320
100
_a
Nafang, S. c.
_9
79542
245
_a
The Politics of International Cooperation
260
_a
Delhi
_b
Shilha Pra
_c
2017
650
_a
Politics
_9
79543
942
_c
BK
999
_c
63186
_d
63186